| 000 | 00734nam a2200217 a 4500 | ||
|---|---|---|---|
| 001 | 1940428 | ||
| 003 | AM-YEHGA | ||
| 005 | 20250617164851.0 | ||
| 008 | 240131s2024 ai |||||||||||||||0|arm|d | ||
| 040 | _aAM-YeHGA | ||
| 041 | 0 | _aarm | |
| 100 | 1 | _aՋիդարյան, Արշավիր Սարգիսի | |
| 245 | 1 | 0 |
_aՊապը և նրա թոռը ։ _b[Կինոսցենարիա] / _cԱ.Ս. Ջիդարյան. |
| 260 |
_aԵրևան : _b[«Մեկնարկ» ՍՊԸ], _c2024. |
||
| 300 |
_a137 էջ ; _c20 սմ. |
||
| 500 | _aԳրքում առկա է 1960 թ. տիտղոսաթերթը։ | ||
| 650 | 1 | 4 | _aՀայ դրամատուրգիա |
| 650 | 1 | 4 |
_aԿինեմատոգրաֆիա _xԿինոսցենար |
| 942 |
_2udc _cBK |
||
| 090 | _c569683 | ||
| 999 |
_c530933 _d530933 |
||